书目信息 |
| 题名: |
餐桌礼仪与口才
|
|
| 作者: | 段洁 , 陈谦 编著 | |
| 分册: | ||
| 出版信息: | 北京 中国经济出版社 2008.01 |
|
| 页数: | 279页 | |
| 开本: | 24cm | |
| 丛书名: | 礼仪口才经典系列 | |
| 单 册: | ||
| 中图分类: | TS971-49 | |
| 科图分类: | ||
| 主题词: | 礼仪--li yi , 生活--供应技术 | |
| 电子资源: | ||
| ISBN: | 978-7-5017-7811-9 | |
| 000 | 00986nam 2200265 450 | |
| 001 | 0955020830 | |
| 005 | 20091018151734.53 | |
| 010 | @a978-7-5017-7811-9@dCNY29.80 | |
| 100 | @a20080419d2008 em y0chiy0120 ea | |
| 101 | 0 | @achi |
| 102 | @aCN@b110000 | |
| 105 | @aa z 000yy | |
| 200 | 1 | @a餐桌礼仪与口才@Acan zhuo li yi yu kou cai@f段洁, 陈谦编著@Fduan jie,chen qian bian zhu |
| 210 | @a北京@c中国经济出版社@d2008.01 | |
| 215 | @a279页@c图@d24cm | |
| 225 | 2 | @a礼仪口才经典系列@Ali yi kou cai jing dian xi lie |
| 330 | @a本书内容包括:餐桌上的礼仪常识、邀约与赴宴前的准备、入座与介绍礼仪、订餐与点菜礼仪等。礼仪、口才的学习就是一个人心胸、气度、精神境界、自制能力的涵养与修炼的过程,也是走向成熟和稳健的过程。 | |
| 410 | 0 | @12001 @a礼仪口才经典系列 |
| 606 | 0 | @a礼仪@Ali yi |
| 606 | 0 | @a生活@x供应技术 |
| 690 | @aTS971-49@v4 | |
| 701 | 0 | @a段洁@Aduan jie@4编著 |
| 701 | 0 | @a陈谦@Achen qian@4编著 |
| 801 | 0 | @aCN@bQSSK@c20091018 |
| 905 | @b292683-85@dTS971-49@eD920@f3 | |
| 餐桌礼仪与口才/段洁, 陈谦编著.-北京:中国经济出版社,2008.01 |
| 279页:图;24cm.-(礼仪口才经典系列) |
| ISBN 978-7-5017-7811-9:CNY29.80 |
| 本书内容包括:餐桌上的礼仪常识、邀约与赴宴前的准备、入座与介绍礼仪、订餐与点菜礼仪等。礼仪、口才的学习就是一个人心胸、气度、精神境界、自制能力的涵养与修炼的过程,也是走向成熟和稳健的过程。 |
| ● |
| 相关链接 |
|
|
|
正题名:餐桌礼仪与口才
索取号:TS971-49/D920
 
预约/预借
| 序号 | 登录号 | 条形码 | 馆藏地/架位号 | 状态 | 备注 |
| 1 | 658830 | 206588307 | 自科二线504/504自科库 42排3列3层/ [索取号:TS971-49/D920] | 在馆 | |
| 2 | 658831 | 206588316 | 自科二线504/504自科库 42排3列3层/ [索取号:TS971-49/D920] | 在馆 | |
| 3 | 658832 | 206588325 | 自科库501/ [索取号:TS971-49/D920] | 在馆 |